[Event "33rd ECCC Open 2017"]
[Site "Antalya"]
[Date "2017.10.13"]
[Round "6"]
[White "Lodici, Lorenzo"]
[Black "Brynell, Stellan"]
[Result "1/2-1/2"]
[WhiteElo "2407"]
[BlackElo "2415"]
[Annotator "TA"]
[PlyCount "64"]
[EventType "team-tourn"]
[EventCountry "TUR"]
[SourceTitle "playchess.com"]
[Source "ChessBase"]
[SourceQuality "1"]
[WhiteTeam "Augusta Perusia"]
[BlackTeam "Nordkalotten"]

{[%evp 23,64,0,23,0,0,-13,12,4,9,0,0,-52,-19,-41,-17,-17,-14,-18,-14,-16,-14,-13,-13,-13,-12,-12,-12,-12,-14,-13,-14,-18,-12,-15,-9,-12,-9,-9,0,-16,0,-11,0]} 1. Nf3 Nf6 2. c4 b6 3. g3 Bb7 4. Bg2 e6 5. O-O Be7 6. Nc3 O-O 7. Re1 d5 8. cxd5 exd5 9. d4 Na6 10. Bf4 c5 11. dxc5 Nxc5 12. Nd4 {E17: Damenindisch (Hauptfortsetzung)} (12. Rc1 Nfe4 13. Nd4 Nxc3 14. Rxc3 Bf6 15. Rc2 Qd7 16. b4 Bxd4 17. Qxd4 Ne6 18. Qd2 Rac8 19. Rec1 Rxc2 20. Rxc2 {½-½ (72) Navara,D (2734)-Tomashevsky,E (2728) Huaian 2016}) 12... Nfe4 {LiveBook: 5 Partien} 13. Qc2 {[#]} Bf6 $146 ({Vorgänger:} 13... Bg5 14. Bxg5 Qxg5 15. Nxe4 Nxe4 16. e3 Rfc8 17. Qe2 Rc5 18. Nb3 Rc7 19. Rac1 Rac8 20. Rxc7 Rxc7 {½-½ (45) Gulko,B (2595)-Browne,W (2560) San Francisco 1995}) 14. Red1 Nxc3 15. Qxc3 Re8 16. Qc2 Rc8 {[#] Und weiter mit ...Lxd4 wäre nett.} 17. Qd2 (17. Nf5 $11) 17... Bxd4 $15 18. Qxd4 Rxe2 {Weiss muss nun ...Se6 beachten.} 19. Be3 {Die Stellung ist ausgeglichen.} Ne6 20. Qe5 Qc7 21. Qxc7 Rxc7 22. b3 {[#]} d4 $1 {[%mdl 512]} 23. Bf1 $1 {[%cal Rf1e2]} (23. Bxd4 Bxg2) 23... Rec2 ({Ein No Go ist} 23... dxe3 $6 24. Bxe2 Rc2 25. Kf1 $16) 24. Bxd4 Nxd4 25. Rxd4 {[%cal Rd4d8]} g6 26. Bc4 Re7 27. a4 Kg7 28. h4 h6 29. Bf1 Rec7 30. Bc4 Re7 31. Bf1 Rec7 32. Bc4 Re7 {Precision: Weiß = 74%, Schwarz = 57%.} 1/2-1/2

[Event "33rd ECCC Open 2017"]
[Site "Antalya"]
[Date "2017.10.13"]
[Round "6"]
[White "Thorfinnsson, Bjorn"]
[Black "O'Connell, Gerard"]
[Result "1-0"]
[WhiteElo "2398"]
[BlackElo "2150"]
[Annotator "NA"]
[PlyCount "97"]
[EventType "team-tourn"]
[EventCountry "TUR"]
[SourceTitle "playchess.com"]
[Source "ChessBase"]
[SourceQuality "1"]
[WhiteTeam "Viking"]
[BlackTeam "Benildus"]
[TimeControl "40/5400+30:1800+30"]

1. d4 {[%emt 0:00:30]} Nf6 {[%emt 0:01:00]} 2. c4 {[%emt 0:00:00]} g6 {[%emt 0:00:00]} 3. Nc3 {[%emt 0:00:00]} d5 {[%emt 0:00:00]} 4. Bg5 {[%emt 0:00:30]} Ne4 {[%emt 0:00:30]} 5. Bh4 {[%emt 0:00:00]} Nxc3 {[%emt 0:02:30]} 6. bxc3 {[%emt 0:00:00]} dxc4 {[%emt 0:00:30]} 7. e3 {[%emt 0:00:30]} Be6 {[%emt 0:00:30]} 8. Be2 {[%emt 0:00:00] D80: Grünfeld: Unusual White 4th moves and 4 Bg5} (8. Qb1 b6 9. Nh3 Bh6 10. Bg5 Bxg5 11. Nxg5 Qd5 12. Nxe6 Qxe6 13. Qb4 Qd5 14. Qxc4 Qxc4 15. Bxc4 e6 {1-0 (67) Nakamura,H (2785)-Giri,A (2771) Stavanger 2017}) 8... Bg7 {[%emt 0:01:30]} 9. Nh3 {[%emt 0:00:00]} Bxh3 {[%emt 0:04:30]} 10. gxh3 {[%emt 0:00:30]} O-O {[%emt 0:00:00]} 11. Bg3 $146 {[%emt 0:03:30]} ({Predecessor:} 11. Rb1 b6 12. Bxc4 Nc6 13. Qf3 Na5 14. Be2 Qd7 15. O-O e5 {½-½ (65) Leitao,R (2616)-Jumabayev,R (2604) Baku 2016}) 11... c5 {[%emt 0:02:00]} 12. Bxc4 {[%emt 0:00:30]} cxd4 {[%emt 0:00:30]} 13. cxd4 {[%emt 0:00:30]} Nc6 {[%emt 0:01:30]} 14. O-O {[%emt 0:25:30]} Rc8 {[%emt 0:18:30]} 15. Rc1 {[%emt 0:02:30]} e5 {[%emt 0:02:30]} 16. dxe5 {[%emt 0:00:00]} Nxe5 {[%emt 0:01:30]} 17. Bb3 {[%emt 0:01:00]} Rxc1 {[%emt 0:07:30]} 18. Qxc1 {[%emt 0:00:00]} Qd7 {[%emt 0:01:30]} 19. Rd1 {[%emt 0:06:00]} Rc8 {[%emt 0:03:30]} 20. Qa3 {[%emt 0:03:30]} Qc6 {[%emt 0:04:30]} 21. Bxe5 {[%emt 0:14:30]} Bxe5 {[%emt 0:01:30]} 22. Qe7 {[%emt 0:00:30]} Qe4 {[%emt 0:18:30]} 23. Qxf7+ {[%emt 0:02:30]} Kh8 $18 {[%emt 0:00:00]} 24. Be6 {[%emt 0:01:30]} Qc2 {[%emt 0:04:00]} 25. Rd5 {[%emt 0:01:30]} Qb1+ {[%emt 0:03:30]} 26. Kg2 {[%emt 0:00:30]} Qe4+ {[%emt 0:00:30]} 27. Kf1 {[%emt 0:06:30]} Qb1+ {[%emt 0:18:47]} 28. Ke2 {[%emt 0:04:30]} Rb8 {[%emt 0:00:48]} 29. Rd1 {[%emt 0:04:30]} Qb4 {[%emt 0:01:02]} 30. Bb3 {[%emt 0:08:57]} Rf8 {[%emt 0:00:30]} 31. Qe6 {[%emt 0:01:52]} Qe4 {[%emt 0:01:10]} 32. Bd5 {[%emt 0:04:54]} Qf5 {[%emt 0:00:08]} 33. f4 {[%emt 0:01:12]} Qxe6 {[%emt 0:00:50]} 34. Bxe6 {[%emt 0:00:13]} Bb8 {[%emt 0:00:55]} 35. Rd7 {[%emt 0:02:05]} b6 {[%emt 0:00:09]} 36. Kf3 {[%emt 0:00:40]} Re8 {[%emt 0:00:28]} 37. Bb3 {[%emt 0:00:49]} Rf8 {[%emt 0:00:10]} 38. h4 {[%emt 0:00:00]} h6 {[%emt 0:00:33]} 39. Kg4 {[%emt 0:00:08]} Re8 {[%emt 0:00:42]} 40. e4 {[%emt 0:00:30]} Rf8 {[%emt 0:30:30]} 41. e5 {[%emt 0:00:40]} a5 {[%emt 0:00:00]} 42. Bc2 {[%emt 0:00:30]} b5 {[%emt 0:00:00]} 43. Bxg6 {[%emt 0:00:30]} b4 {[%emt 0:00:00]} 44. Rb7 {[%emt 0:00:30]} Kg8 {[%emt 0:00:00]} 45. Kh5 {[%emt 0:00:30]} a4 {[%emt 0:00:00]} 46. Rxb4 {[%emt 0:01:30]} a3 {[%emt 0:00:00]} 47. Rb7 {[%emt 0:00:30]} Rd8 {[%emt 0:00:00]} 48. e6 {[%emt 0:01:30]} Rd5+ {[%emt 0:00:00]} 49. f5 {[%emt 0:00:30]} 1-0

[Event "33rd ECCC Open 2017"]
[Site "Antalya"]
[Date "2017.10.13"]
[Round "6"]
[White "Saraci, Nderim"]
[Black "Sukovic, Andrej"]
[Result "1-0"]
[WhiteElo "2393"]
[BlackElo "2214"]
[Annotator "NA"]
[PlyCount "91"]
[EventType "team-tourn"]
[EventCountry "TUR"]
[SourceTitle "playchess.com"]
[Source "ChessBase"]
[SourceQuality "1"]
[WhiteTeam "Hasan Pristina"]
[BlackTeam "Elektroprivreda"]
[TimeControl "40/5400+30:1800+30"]

1. c4 {[%emt 0:02:30]} Nf6 {[%emt 0:01:00]} 2. Nf3 {[%emt 0:00:30]} g6 {[%emt 0:00:30]} 3. d4 {[%emt 0:00:00]} Bg7 {[%emt 0:00:00]} 4. Nc3 {[%emt 0:00:00]} O-O {[%emt 0:00:00]} 5. e4 {[%emt 0:00:00]} d6 {[%emt 0:00:00]} 6. Be2 {[%emt 0:00:00]} e5 {[%emt 0:00:00]} 7. dxe5 {[%emt 0:00:30]} dxe5 {[%emt 0:00:00]} 8. Qxd8 {[%emt 0:00:30]} Rxd8 {[%emt 0:00:00]} 9. Bg5 {[%emt 0:00:30]} Rf8 {[%emt 0:00:00]} 10. Nd5 {[%emt 0:00:30]} Nxd5 {[%emt 0:00:00]} 11. cxd5 {[%emt 0:00:30]} c6 {[%emt 0:00:30]} 12. Bc4 {[%emt 0:00:30]} b5 {[%emt 0:00:30]} 13. Bb3 {[%emt 0:00:30]} Bb7 {[%emt 0:00:30]} 14. Rd1 {[%emt 0:00:30] E92: Königsindisch (Klassisches System)} (14. dxc6 Bxc6 15. Nd2 Nd7 16. Rc1 Rfc8 17. Ke2 Bb7 18. Be3 a6 19. Rhd1 Rxc1 20. Rxc1 Rc8 21. Rxc8+ Bxc8 {0-1 (57) Mirzoev,A (2594)-Abasov,N (2510) Baku 2010}) 14... cxd5 {[%emt 0:04:30]} 15. Bxd5 {[%emt 0:11:30]} Nc6 $146 {[%emt 0:03:30]} ({Vorgänger:} 15... Bxd5 16. Rxd5 f6 17. Be3 a6 18. O-O Rc8 19. Rfd1 Nc6 20. Bc5 Na5 21. g4 Nb7 {1-0 (61) Melzer,P (2108)-Urbanc,P (1931) Prague 2012}) 16. h4 {[%emt 0:04:30]} Rab8 {[%emt 0:15:30]} 17. h5 {[%emt 0:04:30]} Nd4 {[%emt 0:06:30]} 18. hxg6 {[%emt 0:05:30]} hxg6 {[%emt 0:00:30]} 19. Nxd4 {[%emt 0:09:30]} Bxd5 {[%emt 0:16:30]} 20. exd5 {[%emt 0:05:30]} exd4 {[%emt 0:00:30]} 21. Kd2 {[%emt 0:02:30]} f6 {[%emt 0:00:30]} 22. Bh6 {[%emt 0:00:30]} Rbd8 {[%emt 0:00:30]} 23. Bxg7 {[%emt 0:01:30]} Kxg7 {[%emt 0:00:30]} 24. Rc1 $1 {[%emt 0:00:00]} Rxd5 {[%emt 0:01:30]} 25. Rc7+ {[%emt 0:00:00]} Rf7 {[%emt 0:00:30]} 26. Rh7+ {[%emt 0:00:30]} Kxh7 {[%emt 0:00:00]} 27. Rxf7+ {[%emt 0:00:30]} Kh6 {[%emt 0:00:00]} 28. Rxf6 {[%emt 0:01:30]} a5 $16 {[%emt 0:03:30]} 29. Rf4 {[%emt 0:03:30]} Kg5 {[%emt 0:02:30]} 30. Re4 {[%emt 0:01:30]} Rf5 {[%emt 0:06:30]} 31. f3 {[%emt 0:00:30]} Rf4 {[%emt 0:00:30]} 32. Re5+ {[%emt 0:00:30]} Rf5 {[%emt 0:02:30]} 33. Re6 {[%emt 0:19:30]} Rd5 {[%emt 0:09:30]} 34. Kd3 {[%emt 0:01:30]} Kh5 {[%emt 0:00:30]} 35. Re1 {[%emt 0:01:30]} Rc5 {[%emt 0:06:30]} 36. g3 {[%emt 0:00:30]} g5 {[%emt 0:01:30]} 37. f4 {[%emt 0:03:30]} gxf4 {[%emt 0:05:36]} 38. gxf4 {[%emt 0:00:30]} Kg4 {[%emt 0:00:30]} 39. Re5 {[%emt 0:00:30]} Rc4 {[%emt 0:01:07]} 40. Rxb5 {[%emt 0:00:30]} Ra4 {[%emt 0:00:47]} 41. a3 {[%emt 0:00:30]} Kxf4 {[%emt 0:00:30]} 42. Rd5 {[%emt 0:00:00]} Kf3 {[%emt 0:00:30]} 43. Rxd4 {[%emt 0:00:00]} Rxd4+ {[%emt 0:00:30]} 44. Kxd4 {[%emt 0:00:30]} Ke2 {[%emt 0:00:00]} 45. b4 {[%emt 0:00:30]} a4 {[%emt 0:00:00]} 46. b5 {[%emt 0:00:00]} 1-0

[Event "33rd ECCC Open 2017"]
[Site "Antalya"]
[Date "2017.10.13"]
[Round "6"]
[White "Kjartansson, David"]
[Black "O`Connor, Eddie"]
[Result "1-0"]
[WhiteElo "2386"]
[BlackElo "2023"]
[Annotator "NA"]
[PlyCount "85"]
[EventType "team-tourn"]
[EventCountry "TUR"]
[SourceTitle "playchess.com"]
[Source "ChessBase"]
[SourceQuality "1"]
[WhiteTeam "Fjolnir"]
[BlackTeam "Gonzaga"]
[TimeControl "40/5400+30:1800+30"]

1. e4 {[%emt 0:00:30]} e5 {[%emt 0:01:00]} 2. Nf3 {[%emt 0:00:30]} Nc6 {[%emt 0:00:30]} 3. Nc3 {[%emt 0:00:00]} Nf6 {[%emt 0:00:00]} 4. Bb5 {[%emt 0:00:00]} Bc5 {[%emt 0:01:00]} 5. O-O {[%emt 0:00:00]} d6 {[%emt 0:01:30]} 6. d3 {[%emt 0:01:00]} Bg4 {[%emt 0:01:30] C48: Vierspringerspiel (Rubinstein-Variante)} (6... Bd7 7. Na4 Bb6 8. c3 Ne7 9. Nxb6 axb6 10. Bc4 Ng6 11. h3 Be6 12. Bxe6 fxe6 13. Qb3 Qe7 14. Ng5 {1-0 (43) Karjakin,S (2762)-Onischuk,A (2662) Baku 2015}) 7. h3 {[%emt 0:00:30]} Bd7 {[%emt 0:05:30]} 8. Be3 {[%emt 0:00:30]} Bb6 {[%emt 0:05:30]} 9. Qd2 $146 {[%emt 0:01:30]} ({Vorgänger:} 9. a4 h6 10. Bxc6 Bxc6 11. a5 Bxe3 12. fxe3 a6 13. Ne2 Qd7 14. c4 {½-½ (82) Guzman,C (2259)-Mendez,R (2074) Santo Domingo 2016}) 9... h6 {[%emt 0:01:30]} 10. a3 {[%emt 0:01:30]} Nh5 {[%emt 0:03:30]} 11. Nd5 {[%emt 0:04:30]} Ne7 {[%emt 0:02:30]} 12. Nxb6 {[%emt 0:06:30]} axb6 {[%emt 0:00:30]} 13. Bxd7+ {[%emt 0:00:00]} Qxd7 {[%emt 0:00:30]} 14. d4 {[%emt 0:01:00]} exd4 {[%emt 0:02:30]} 15. Nxd4 {[%emt 0:01:30]} Nf6 {[%emt 0:05:30]} 16. f3 {[%emt 0:00:00]} O-O {[%emt 0:03:30]} 17. Rae1 {[%emt 0:01:00]} Ra5 {[%emt 0:01:30]} 18. Nb3 {[%emt 0:00:30]} Raa8 {[%emt 0:02:30]} 19. Bd4 {[%emt 0:00:30]} Nh7 {[%emt 0:02:30]} 20. Bc3 {[%emt 0:00:30]} f6 {[%emt 0:01:30]} 21. f4 {[%emt 0:00:30]} Kh8 {[%emt 0:00:30]} 22. Nd4 {[%emt 0:04:30]} c5 {[%emt 0:05:30]} 23. Nf3 {[%emt 0:01:30]} Rfd8 {[%emt 0:01:30]} 24. Nh4 {[%emt 0:01:30]} Nf8 {[%emt 0:04:30]} 25. Rf3 {[%emt 0:01:30]} d5 {[%emt 0:03:30]} 26. exd5 {[%emt 0:00:30]} Nf5 $2 {[%emt 0:09:30]} (26... Nxd5 $14 27. Rd3 Qf7) 27. Nxf5 $18 {[%emt 0:04:30] is the narrow road to win.} (27. d6 $4 {[%emt 0:04:30][%mdl 8192]}) 27... Qxf5 {[%emt 0:00:30]} 28. d6 {[%emt 0:00:30]} (28. g4) 28... Rd7 {[%emt 0:00:30]} 29. Re7 {[%emt 0:00:30]} Rad8 {[%emt 0:00:30]} 30. g4 {[%emt 0:00:30]} Qg6 {[%emt 0:00:30]} 31. f5 {[%emt 0:00:30]} Qg5 {[%emt 0:00:30]} 32. Qxg5 {[%emt 0:00:30]} hxg5 {[%emt 0:00:30]} 33. Rxd7 {[%emt 0:03:30]} Rxd7 {[%emt 0:07:30]} 34. Rd3 {[%emt 0:00:30]} Kg8 {[%emt 0:00:30]} 35. Be1 {[%emt 0:00:30]} Kf7 {[%emt 0:00:30]} 36. Bg3 {[%emt 0:00:00]} Ke8 {[%emt 0:01:30]} 37. Rb3 {[%emt 0:00:00]} g6 {[%emt 0:02:30]} 38. Rxb6 {[%emt 0:00:30]} gxf5 {[%emt 0:00:00]} 39. gxf5 {[%emt 0:00:00]} Rh7 {[%emt 0:03:00]} 40. Kg2 {[%emt 0:00:00]} Kd7 {[%emt 0:00:30]} 41. Rxb7+ $18 {[%emt 0:00:30]} Kc6 {[%emt 0:00:30]} 42. Re7 {[%emt 0:00:30]} Rh8 {[%emt 0:02:30]} 43. Rc7+ {[%emt 0:00:00]} 1-0

[Event "33rd ECCC Open 2017"]
[Site "Antalya"]
[Date "2017.10.13"]
[Round "6"]
[White "Podlesnik, Bogdan"]
[Black "Bokros, Albert"]
[Result "0-1"]
[WhiteElo "2372"]
[BlackElo "2482"]
[Annotator "TA"]
[PlyCount "66"]
[EventType "team-tourn"]
[EventCountry "TUR"]
[SourceTitle "playchess.com"]
[Source "ChessBase"]
[SourceQuality "1"]
[WhiteTeam "Asseco See"]
[BlackTeam "Dunajska Streda"]

{[%evp 17,66,4,28,11,12,21,6,3,21,14,22,-2,51,38,76,47,69,50,49,63,72,59,78,69,104,79,73,56,112,31,30,54,46,0,0,0,6,16,19,-843,-843,-1279,-1229,-1126,-856,-6068,-5618,-6391,-6566,-5694,-4461]} 1. e4 c5 2. Nc3 e6 3. Nf3 d6 4. d4 cxd4 5. Nxd4 a6 6. f4 b5 {B54: Sicilian: 2...d6 3 d4 cxd4 4 Nxd4, Unusual Lines} (6... Nf6 7. Be3 b5 8. Bd3 Bb7 9. Qf3 Nbd7 10. g4 b4 11. Nce2 e5 12. Nb3 d5 13. Ng3 exf4 14. Qxf4 Qb8 15. Qxb8+ Rxb8 16. exd5 Bxd5 17. O-O Nxg4 18. Bf4 Nge5 19. Bxa6 f6 20. Rad1 Bc6 {0-1 (41) Podlesnik,B (2374)-Jakovenko,D (2703) Ohrid 2017}) 7. Qf3 Bb7 8. Bd3 Nf6 9. g4 Nc6 {LiveBook: 4 Games} 10. Nxc6 Bxc6 11. g5 Nd7 12. Be3 Nc5 $146 ({Predecessor:} 12... Qc7 13. O-O-O Qb7 14. Ne2 Nc5 15. Ng3 O-O-O 16. Bd4 Kb8 17. h4 e5 18. fxe5 Ne6 19. Qf2 Nxd4 20. Qxd4 dxe5 21. Qxd8+ {1-0 (21) Podlesnik,B (2407)-Philipowski,R (2255) Bled 2001}) 13. O-O-O Qc7 14. Bd4 O-O-O ({Better is} 14... b4 $11 15. Ne2 Nxd3+ 16. Qxd3 h6) 15. Kb1 Kb7 16. h4 h6 17. h5 b4 18. Ne2 Nxd3 19. cxd3 e5 20. Bf2 (20. Rc1 $5 {[%cal Rc1c2]}) 20... Kb8 21. Rc1 Qb7 22. Qe3 {Black must now prevent Rxc6!} Rc8 (22... Bb5 $14) 23. g6 (23. Rc4 $16 {Rxb4 is the strong threat.} Be7 24. Rxb4 $3 {[%mdl 512]}) 23... fxg6 $14 24. hxg6 Be7 25. Bg3 Bf6 26. fxe5 dxe5 27. Nd4 Rhd8 28. Ne6 $2 {[%mdl 8192] [#]} (28. Rc5 $11) 28... Rxd3 $1 $19 {[%mdl 512] Black is clearly winning.} 29. Qf2 (29. Qxd3 Bxe4) 29... Bxe4 {( -> ...Rd1+)} 30. Rxc8+ Kxc8 {[%cal Rd3d1]} 31. Qc5+ Kd7 {[%cal Rd3d1]} 32. Rc1 Rxg3+ 33. Ka1 Kxe6 {Precision: White = 39%, Black = 57%.} 0-1

[Event "33rd ECCC Open 2017"]
[Site "Antalya"]
[Date "2017.10.13"]
[Round "6"]
[White "Sylvan, Jacob"]
[Black "Bertagnolli, Alexander"]
[Result "1/2-1/2"]
[WhiteElo "2363"]
[BlackElo "2372"]
[Annotator "NA"]
[PlyCount "45"]
[EventType "team-tourn"]
[EventCountry "TUR"]
[SourceTitle "playchess.com"]
[Source "ChessBase"]
[SourceQuality "1"]
[WhiteTeam "Nordkalotten"]
[BlackTeam "Augusta Perusia"]
[TimeControl "40/5400+30:1800+30"]

1. e4 {[%emt 0:00:30]} c5 {[%emt 0:01:00]} 2. Nf3 {[%emt 0:00:30]} d6 {[%emt 0:00:00]} 3. d4 {[%emt 0:00:00]} cxd4 {[%emt 0:00:00]} 4. Nxd4 {[%emt 0:00:00]} Nf6 {[%emt 0:00:30]} 5. Nc3 {[%emt 0:00:00] LiveBook: 96193 Games} a6 {[%emt 0:00:00]} 6. h3 {[%emt 0:02:00]} e5 {[%emt 0:04:00]} 7. Nde2 {[%emt 0:00:00]} Be6 {[%emt 0:09:30]} 8. g4 {[%emt 0:02:00] B90: Sicilian Najdorf: Unusual White 6th moves, 6 Be3 Ng4 and 6 Be3 e5} d5 {[%emt 0:01:30]} (8... Nbd7 9. Bg2 h6 10. O-O Rc8 11. a4 Be7 12. Be3 O-O 13. a5 Ne8 14. Ng3 Bg5 15. Nf5 Bxe3 16. Nxe3 {½-½ (59) Gopal,G (2558)-Kuzubov,Y (2667) Abu Dhabi 2014}) 9. g5 {[%emt 0:02:30]} Nxe4 {[%emt 0:00:30]} 10. Nxe4 {[%emt 0:00:30]} dxe4 {[%emt 0:00:30]} 11. Qxd8+ {[%emt 0:00:30]} Kxd8 {[%emt 0:00:00]} 12. Bg2 {[%emt 0:00:30]} Nc6 {[%emt 0:10:00]} 13. Bxe4 $146 {[%emt 0:06:30]} ({Predecessor:} 13. Be3 Kc7 14. O-O-O Be7 15. Bxe4 Rhd8 {1-0 (57) Nikolic,M (2177)-Stankovic,M (2104) Belgrade 2005}) 13... f5 {[%emt 0:02:30]} 14. gxf6 {[%emt 0:01:30]} gxf6 {[%emt 0:00:30]} 15. f4 {[%emt 0:04:30]} Bc5 {[%emt 0:09:30]} 16. fxe5 {[%emt 0:11:30]} fxe5 {[%emt 0:01:30]} 17. Bh6 {[%emt 0:01:30]} Kc7 {[%emt 0:03:30]} 18. O-O-O {[%emt 0:04:30]} Rad8 {[%emt 0:05:30]} 19. Nc3 {[%emt 0:02:30]} Bd4 {[%emt 0:02:30]} 20. Ne2 {[%emt 0:00:30]} Bc5 {[%emt 0:00:30]} 21. Nc3 $11 {[%emt 0:00:30]} Bd4 {[%emt 0:03:30]} 22. Ne2 {[%emt 0:01:30]} Bc5 {[%emt 0:00:30]} 23. Nc3 {[%emt 0:00:30]} 1/2-1/2

[Event "33rd ECCC Open 2017"]
[Site "Antalya"]
[Date "2017.10.13"]
[Round "6"]
[White "Csonka, Attila Istvan"]
[Black "Andonovski, Ljubisa"]
[Result "1-0"]
[WhiteElo "2347"]
[BlackElo "2286"]
[Annotator "NA"]
[PlyCount "63"]
[EventType "team-tourn"]
[EventCountry "TUR"]
[SourceTitle "playchess.com"]
[Source "ChessBase"]
[SourceQuality "1"]
[WhiteTeam "Dunajska Streda"]
[BlackTeam "Asseco See"]
[TimeControl "40/5400+30:1800+30"]

1. e4 {[%emt 0:00:30]} d5 {[%emt 0:01:00]} 2. exd5 {[%emt 0:00:00]} Qxd5 {[%emt 0:00:30]} 3. Nc3 {[%emt 0:00:00]} Qd8 {[%emt 0:00:00]} 4. d4 {[%emt 0:00:30]} Nf6 {[%emt 0:00:00]} 5. Nf3 {[%emt 0:01:30]} Bg4 {[%emt 0:00:30]} 6. h3 {[%emt 0:00:30]} Bxf3 {[%emt 0:00:30]} 7. Qxf3 {[%emt 0:00:30]} c6 {[%emt 0:00:00]} 8. Be3 {[%emt 0:02:30]} e6 {[%emt 0:00:00]} 9. Bd3 {[%emt 0:02:30]} Nbd7 {[%emt 0:01:30]} 10. Qg3 {[%emt 0:04:30]} Nh5 {[%emt 0:04:30]} 11. Qf3 {[%emt 0:04:30]} Nhf6 {[%emt 0:01:30]} 12. O-O {[%emt 0:01:30]} Bd6 {[%emt 0:01:30]} 13. Bg5 {[%emt 0:08:30]} Qa5 {[%emt 0:09:30]} 14. Bd2 {[%emt 0:04:30]} Qb6 {[%emt 0:15:30]} 15. Ne2 {[%emt 0:02:30]} O-O {[%emt 0:01:30]} 16. c4 {[%emt 0:01:30]} c5 {[%emt 0:06:30]} (16... Qd8 $14) 17. b4 {[%emt 0:08:30]} cxb4 $16 {[%emt 0:10:30]} 18. c5 {[%emt 0:00:30]} Nxc5 {[%emt 0:00:30]} 19. dxc5 {[%emt 0:00:00]} Bxc5 {[%emt 0:01:30]} 20. Ng3 {[%emt 0:03:00]} Rfd8 {[%emt 0:11:30]} 21. Bg5 {[%emt 0:00:30]} Bd4 {[%emt 0:04:30]} 22. Rab1 {[%emt 0:01:30]} h6 {[%emt 0:05:30]} 23. Bxf6 {[%emt 0:03:30]} gxf6 {[%emt 0:01:30]} 24. Be4 {[%emt 0:08:30]} f5 {[%emt 0:13:48]} 25. Bxb7 {[%emt 0:01:30]} Rab8 {[%emt 0:00:34]} 26. Bc6 {[%emt 0:00:30]} Qa5 {[%emt 0:03:13]} 27. Rbd1 {[%emt 0:04:30]} Qxa2 {[%emt 0:03:11]} 28. Rxd4 {[%emt 0:00:30]} Rxd4 {[%emt 0:00:35]} 29. Nxf5 {[%emt 0:00:30]} exf5 {[%emt 0:01:37]} 30. Qg3+ {[%emt 0:00:30]} Kh7 {[%emt 0:00:41]} 31. Qxb8 {[%emt 0:00:00]} Rd2 {[%emt 0:01:31]} 32. Qxb4 {[%emt 0:01:00]} 1-0

[Event "33rd ECCC Open 2017"]
[Site "Antalya"]
[Date "2017.10.13"]
[Round "6"]
[White "Quillan, Gary"]
[Black "Burcu, Cagatay"]
[Result "1-0"]
[WhiteElo "2347"]
[BlackElo "2283"]
[Annotator "NA"]
[PlyCount "79"]
[EventType "team-tourn"]
[EventCountry "TUR"]
[SourceTitle "playchess.com"]
[Source "ChessBase"]
[SourceQuality "1"]
[WhiteTeam "3CS Oldham"]
[BlackTeam "Besiktas"]
[TimeControl "40/5400+30:1800+30"]

1. e4 {[%emt 0:00:00]} e6 {[%emt 0:01:00]} 2. d4 {[%emt 0:02:00]} d5 {[%emt 0:00:30]} 3. Nd2 {[%emt 0:00:00]} Be7 {[%emt 0:01:30]} 4. e5 {[%emt 0:00:00]} c5 {[%emt 0:00:30]} 5. Qg4 {[%emt 0:00:30]} Kf8 {[%emt 0:00:30]} 6. dxc5 {[%emt 0:06:30]} h5 {[%emt 0:02:30]} 7. Qg3 {[%emt 0:11:30]} Nd7 {[%emt 0:00:00]} 8. Nb3 {[%emt 0:01:30]} Qc7 {[%emt 0:03:00]} 9. Nf3 {[%emt 0:01:30]} h4 {[%emt 0:03:30]} 10. Qf4 {[%emt 0:01:30]} Rh5 {[%emt 0:00:30]} 11. Bd3 {[%emt 0:01:30]} Nxe5 {[%emt 0:04:30]} 12. Bg6 $17 {[%emt 0:14:30]} (12. O-O $15 Nxf3+ 13. Qxf3) 12... Nxf3+ {[%emt 0:03:30]} 13. Qxf3 {[%emt 0:00:30]} Re5+ {[%emt 0:00:00]} 14. Be3 {[%emt 0:03:30]} Nf6 {[%emt 0:07:00]} 15. Bd3 {[%emt 0:00:30]} Rh5 {[%emt 0:00:30]} 16. g4 {[%emt 0:02:30]} hxg3 {[%emt 0:05:30]} 17. hxg3 {[%emt 0:00:30]} Rxh1+ {[%emt 0:24:30]} 18. Qxh1 {[%emt 0:00:30]} Ng8 {[%emt 0:00:30]} 19. O-O-O {[%emt 0:10:30]} e5 {[%emt 0:09:30]} 20. Qxd5 {[%emt 0:02:30]} Be6 {[%emt 0:00:00]} 21. Qe4 {[%emt 0:04:30]} Rc8 {[%emt 0:13:45]} 22. f4 {[%emt 0:05:30]} Bxb3 {[%emt 0:08:05]} 23. axb3 {[%emt 0:00:30]} exf4 {[%emt 0:01:13]} 24. Bxf4 {[%emt 0:00:30]} Qxc5 {[%emt 0:01:00]} 25. Qxb7 {[%emt 0:01:30]} Rd8 {[%emt 0:01:16]} 26. Bc7 {[%emt 0:08:30]} Re8 {[%emt 0:03:28]} 27. Bb5 {[%emt 0:01:34]} Qb4 {[%emt 0:00:06]} 28. Qa6 {[%emt 0:02:28]} Bg5+ {[%emt 0:00:55]} 29. Kb1 {[%emt 0:00:46]} Qg4 {[%emt 0:00:03]} 30. Rf1 {[%emt 0:01:34]} Rc8 {[%emt 0:01:35]} 31. Qxa7 {[%emt 0:07:56]} Be7 {[%emt 0:04:03]} 32. Bc4 {[%emt 0:03:50]} Nh6 {[%emt 0:01:21]} 33. Bd6 {[%emt 0:02:20]} Re8 {[%emt 0:00:02]} 34. Be5 {[%emt 0:01:43]} f6 {[%emt 0:00:58]} 35. Bf4 {[%emt 0:00:56]} g5 {[%emt 0:00:24]} 36. Be5 {[%emt 0:00:33]} f5 {[%emt 0:00:42]} 37. Qb6 {[%emt 0:00:38]} Qh5 {[%emt 0:00:26]} 38. Qe6 {[%emt 0:00:46]} f4 {[%emt 0:00:34]} 39. g4 {[%emt 0:00:40]} Qh3 {[%emt 0:01:02]} 40. Qg6 {[%emt 0:00:00]} 1-0